Vedecká príprava odborníkov pre verejnú správu a regionálny rozvoj na vysokých školách
Význam vedy a úlohy vysokých škôl pri jej rozvoji a šírení poznatkov. Príprava súkromnej Vysokej školy ekonómie a manažmentu verejnej správy v Bratislave na plnenie podmienok evaluácie a akreditácie.
Salvato in:
| Autore principale: | |
|---|---|
| Natura: | Capitolo di libro |
| Lingua: | slovacco |
| Soggetti: | |
| Tags: |
Nessun Tag, puoi essere il primo ad aggiungerne!!
|
MARC
| LEADER | 00000naa$a2200000$$$4500 | ||
|---|---|---|---|
| 001 | 0055912 | ||
| 005 | 20220629082310.2 | ||
| 041 | 0 | |a slo | |
| 044 | |a SK | ||
| 245 | 1 | 0 | |a Vedecká príprava odborníkov pre verejnú správu a regionálny rozvoj na vysokých školách |c Helena Strážovská |
| 520 | |a Význam vedy a úlohy vysokých škôl pri jej rozvoji a šírení poznatkov. Príprava súkromnej Vysokej školy ekonómie a manažmentu verejnej správy v Bratislave na plnenie podmienok evaluácie a akreditácie. | ||
| 610 | 2 | 0 | |a výskum ekonomický |
| 610 | 2 | 0 | |a rozvoj regionálny |
| 610 | 2 | 0 | |a veda |
| 610 | 2 | 0 | |a veda ekonomická |
| 610 | 2 | 0 | |a výskum |
| 610 | 2 | 0 | |a akreditácia |
| 610 | 2 | 0 | |a školy vysoké |
| 100 | 1 | |a Strážovská, Helena | |